Saudi Arabia or Iran - Statistics

General Stats
  • This quiz has been taken 607 times
    590 since last reset
  • The average score is 12 of 15
Answer Stats
Question Answer % Correct
Which country is further north? Iran
98%
Which country has the taller mountain? Iran
98%
Which country borders Kuwait? Saudi Arabia
98%
Which country is mostly Shia Islam? Iran
94%
Which country produces more oil? Saudi Arabia
94%
Which country lets you to travel to more countries with its passport? Saudi Arabia
92%
Which Country is bigger by population? Iran
90%
Which country is a part of the Arab League? Saudi Arabia
90%
Which country has a higher GDP? Saudi Arabia
88%
Which country allegedly supports the rebels (Houthis) in Yemen? Iran
85%
Which country is bigger by size? Saudi Arabia
79%
Which country is a theocracy? Iran
77%
Which country is trying to remove one of their borders? Saudi Arabia
58%
Which country has a lower median age? Saudi Arabia
48%
Which capital city is closer to Washington D.C? Iran
19%
No matching quizzes found
Score Distribution
Percent of People with Each Score
Percentile by Number Answered
Your Score History
You have not taken this quiz since the last reset